<?xml version="1.0" encoding="UTF-8"?>
<collection xmlns="http://www.loc.gov/MARC21/slim">
 <record>
  <leader>01405nam a2200229Ia 4500</leader>
  <controlfield tag="001">CTU_114167</controlfield>
  <controlfield tag="008">210402s9999    xx            000 0 und d</controlfield>
  <datafield tag="020" ind1=" " ind2=" ">
   <subfield code="c">32000</subfield>
  </datafield>
  <datafield tag="082" ind1=" " ind2=" ">
   <subfield code="a">621.3824</subfield>
  </datafield>
  <datafield tag="082" ind1=" " ind2=" ">
   <subfield code="b">B450/68 - 231</subfield>
  </datafield>
  <datafield tag="110" ind1=" " ind2=" ">
   <subfield code="a">Bộ Bưu chính, viễn thông</subfield>
  </datafield>
  <datafield tag="245" ind1=" " ind2="0">
   <subfield code="a">TCN 68-231:2005 Thiết bị vô tuyến lưu động mặt đất có ăng ten liền dùng cho truyền số liệu (và thoại) :</subfield>
  </datafield>
  <datafield tag="245" ind1=" " ind2="0">
   <subfield code="b">Yêu cầu kỹ thuật</subfield>
  </datafield>
  <datafield tag="245" ind1=" " ind2="0">
   <subfield code="c">Bộ Bưu chính, viễn thông</subfield>
  </datafield>
  <datafield tag="260" ind1=" " ind2=" ">
   <subfield code="a">Hà Nội</subfield>
  </datafield>
  <datafield tag="260" ind1=" " ind2=" ">
   <subfield code="b">Bưu điện</subfield>
  </datafield>
  <datafield tag="260" ind1=" " ind2=" ">
   <subfield code="c">2005</subfield>
  </datafield>
  <datafield tag="520" ind1=" " ind2=" ">
   <subfield code="a">Tiêu chuẩn ngành TCN 68 - 231: 2005 &quot;Thiết bị vô tuyến lưu động mặt đất có ăng ten liền dùng cho truyền số liệu (và thoại) - yêu cầu kỹ thuật&quot; được xây dựng dựa trên cơ sở chấp thuận nguyên vẹn tiêu chuẩn EN 300 390-1 V.1.2.1 (2000 - 09) và EN 300 390-2 V.1.1.1 (2000 - 09), có tham khảo thêm các tài liệu ETS 300-390 (1996 - 02), ETR 027, ETR 028 của viện tiêu chuẩn viễn thông châu âu, được trình bày dưới dạng song ngữ.</subfield>
  </datafield>
  <datafield tag="650" ind1=" " ind2=" ">
   <subfield code="a">Telecommunication systems,Telecommunication networks</subfield>
  </datafield>
  <datafield tag="650" ind1=" " ind2=" ">
   <subfield code="x">Antenna</subfield>
  </datafield>
  <datafield tag="904" ind1=" " ind2=" ">
   <subfield code="i">Năm</subfield>
  </datafield>
  <datafield tag="980" ind1=" " ind2=" ">
   <subfield code="a">Trung tâm Học liệu Trường Đại học Cần Thơ</subfield>
  </datafield>
 </record>
</collection>
